Rules for the global economy

Gespeichert in:
Bibliographische Detailangaben
1. Verfasser: Siebert, Horst
Format: Buch
Veröffentlicht: Princeton University Press
Tags: Tag hinzufügen
Keine Tags, Fügen Sie das erste Tag hinzu!

MARC

LEADER 00000nam a2200000Ia 4500
005 20260515061616.0
100 |a Siebert, Horst, 
020 |a 9780691170923 
942 |c BK 
245 |a Rules for the global economy  
260 |b Princeton University Press 
999 |c 46  |d 46 
952 |0 0  |1 0  |4 0  |7 0  |a ABDN  |b ABDN  |d 2026-05-15  |l 0  |p 000067  |r 2026-05-15 06:16:16  |w 2026-05-15  |y BK